| 000 | 02102 a2200457 4500 | ||
|---|---|---|---|
| 001 | 16890324 | ||
| 003 | 0000 | ||
| 005 | 20251016111856.0 | ||
| 008 | 110726s2011 enka b 001 0 eng d | ||
| 010 | _a 2011377921 | ||
| 016 | 7 |
_a015690163 _2Uk |
|
| 020 | _a978-0-19-884891-2 | ||
| 035 | _a16890324 | ||
| 035 | _a(OCoLC)679931053 | ||
| 040 |
_aBTCTA _beng _cBTCTA _dYDXCP _dNLE _dVP@ _dITJCU _dUAB _dIUL _dUKMGB _dBDX _dDLC _erda |
||
| 042 | _alccopycat | ||
| 050 | 0 | 0 | _aRC 263 .J36 |
| 082 | 0 | 4 |
_a616.994 _222 |
| 100 | 1 |
_aJames, Nicholas _q(Nicholas D.) |
|
| 245 | 1 | 0 |
_aCancer : _ba very short introduction / _cNicholas James. |
| 250 | _aSecond Edition | ||
| 260 |
_aOxford ; _aNew York : _bOxford University Press, _c2011. |
||
| 264 | _aOxford University Press | ||
| 300 |
_axiv, 137 p. : _bill. ; _c18 cm. |
||
| 336 |
_atext _btxt _2rdacontent |
||
| 337 |
_aunmediated _bn _2rdamedia |
||
| 338 |
_avolume _bnc _2rdacarrier |
||
| 490 | 1 |
_aVery short introductions ; _v267 |
|
| 500 | _aIncludes bibliographical references and index. | ||
| 504 | _aIncludes bibliographical references (p. 125-127) and index. | ||
| 505 | 0 | _aThe size of the cancer problem -- How does cancer develop -- How is cancer treated -- Cancer research -- The costs of cancer care -- Alternative and complementary approaches to cancer care -- The future shape of cancer care. | |
| 650 | 0 |
_aCancer _vPopular works. |
|
| 830 | 0 |
_aVery short introductions ; _v267. |
|
| 856 | 4 | 2 |
_3Contributor biographical information _uhttp://www.loc.gov/catdir/enhancements/fy1409/2011377921-b.html |
| 856 | 4 | 2 |
_3Publisher description _uhttp://www.loc.gov/catdir/enhancements/fy1409/2011377921-d.html |
| 856 | 4 | 1 |
_3Table of contents only _uhttp://www.loc.gov/catdir/enhancements/fy1409/2011377921-t.html |
| 906 |
_a7 _bcbc _ccopycat _d2 _encip _f20 _gy-gencatlg |
||
| 942 |
_2lcc _cBK |
||
| 999 |
_c43788 _d43788 |
||